| 000 | 00000nam##2200000za#4500 |
| 001 | 9.682021 |
| 003 | CaOODSP |
| 005 | 20210615132648 |
| 007 | ta |
| 008 | 150407|2003||||xxc||||| f|0| 0 fre|d |
| 020 | |a0-662-88348-9 |
| 040 | |aCaOODSP|bfre |
| 043 | |an-cn--- |
| 086 | 1 |aF1-23/2003-1F |
| 110 | 1 |aCanada. |bMinistère des finances. |
| 245 | 13|aLe discours du budget 2003 / |cLe vice-premier ministre et ministre des Finances, l'honorable John Manley, c.p., député. |
| 246 | 3 |aBâtir le Canada que nous souhaitions |
| 260 | |aOttawa - Ontario : |bFinances Canada |c2003. |
| 300 | |a21p. ; |c24 cm. |
| 520 | 3 |aCette brochure contient le texte du discours du budget de 2003 prononcé par le ministre des Finances à la Chambre des communes. Le discours porte sur la performance économique récente et les projections financières pour le pays et décrit les principaux investissements prévus dans le budget - soins de santé, familles et collectivités, innovation et apprentissage, amélioration du régime fiscal; environnement; villes et collectivités; aide internationale; et Forces canadiennes. On y trouve également les engagements en vue d'améliorer la reddition de comptes et la transparence du gouvernement. |
| 563 | |aCouverture souple |
| 590 | |a03-07|b2003-02-14 |
| 691 | 07|aBudget|2gcpds |
| 775 | 08|tThe Budget speech 2003 / |w(CaOODSP)9.648760 |